Clic Qui gouverne en Europe le 1er janvier 1900 ? - Statistiques

Statistiques générales
  • Ce quiz a été pris 14 fois
  • Le résultat moyen est 16 sur 23
Statistiques - réponses
Hint Réponse % Correct
Empire Ottoman Abdul Hamid II
90%
Royaume de Roumanie Carol 1er
90%
République française Emile Loubet
90%
République de Saint-Marin Federico Gozi & Antonio Righi
90%
Royaume-Uni Victoria
90%
Principauté de Monaco Albert 1er
80%
Royaume d'Espagne Alphonse XIII
80%
Royaume de Danemark Christian IX
80%
Empire d'Allemagne Guillaume II
80%
Empire russe Nicolas II
80%
Empire d'Autriche François-Joseph Ier
70%
Royaume d'Italie Humbert 1er
70%
Principauté d'Andorre (2e co-prince) Salvador Casañas i Pagés
70%
Confédération suisse Walter Hauser
70%
Royaume des Pays-Bas Wilhelmine
70%
Royaume de Serbie Alexandre 1er
60%
Royaume de Belgique Léopold II
60%
Grand-duché de Luxembourg Adolphe de Nassau
50%
Principauté du Liechtenstein Jean II
50%
Royaume du Portugal Charles 1er
40%
Royaume de Grèce Georges 1er
40%
Royaumes de Suède & de Norvège Oscar II
40%
Principauté de Bulgarie Ferdinand 1er
20%
Aucun quiz correspondant
Distribution des résultats
% des personnes avec chaque résultat
Percentile par nombre de réponses
Votre historique - résultats
Vous n’avez pas pris ce quiz